000
00296nam a2200121Ia 4500
008
190216s9999||||xx |||||||||||||| ||und||
100
_a
Spriegel & Lansburgh
245
0
_a
Industrial Management
260
_b
Asia Publishing House
_c
1955
300
_a
50.50p
650
_a
Commerce
942
_c
BK
999
_c
4513
_d
4513